MDQL
is popping MORE tags! Check the
thread
!
Quizzes
Events
Quiz Creation
Community
Videos
Private Events
Remove Ads
Sign In
Join for FREE
Feedback
Dark Mode
Quiz Categories
Sports
Geography
Music
Movies
Television
Just For Fun
Miscellaneous
History
Literature
Language
Science
Gaming
Entertainment
Religion
Holiday
For Kids
Quiz Lab
Recent
Popular Today
Quiz Kudos Today
Editor Picks
Curator Picks
Quizzes by...
Day
Popularity
Type
Ratings
Length
Year
Community
Subscriptions
Recent Discussions
Orange Saloon
Badges
Playlists
Quests
Create
Leaderboards
Showdown
Live 5
Trivia Bingo
Activity
Puzzle Library
Sporcle Events
Private Events
Virtual Trivia
Globe League
Become a Host
Pub Owners
SporcleCon
Opinionation
Our Games
Videos
Blog
Mobile Apps
Partnerships
Remove Ads and Go Orange
Feedback
Sports
Athletes
MLB
NBA
NHL
NFL
Soccer
Sports Teams
WWE
NCAA
Football
Premier League
Basketball
Baseball
Hockey
Golf
Tennis
Cricket
Rugby
Auto Racing
Olympics
World Cup
Sports
Athletes
MLB
NBA
NHL
NFL
Soccer
Sports Teams
WWE
NCAA
Football
Premier League
Basketball
Baseball
Hockey
Golf
Tennis
Cricket
Rugby
Auto Racing
Olympics
World Cup
Random Quiz
Search Sporcle
×
Quiz Lab
Quiz Lab
Sports
Play
Type in answers that appear in a list
Type in answers that appear in a list
Classic
Best Score? Go Orange.
Calgary Flames Olympians Stats
Can you name the Calgary Flames players named to the Olympics since 1998, the first year NHL players were allowed to play
By
commiesmasher
10m
16 Questions
103 Plays
103 Plays
103 Plays
Comments
Comments
Give Quiz Kudos
Give Quiz Kudos
-
- Ratings
hide this ad
Replay
Link that replays current quiz
Next Quiz
Link to next quiz in quiz playlist
You Got
0%
They Got
Avg Score
55%
Avg Friend Score
Upgrade to see
Score Distribution
Jump to the score distribution portion of the page
Score
0/16
Timer
10:00
0
Plays Today
Hint
Answer
% Correct
2002
Jarome Iginla
97.1%
2006
Jarome Iginla
97.1%
2010
Jarome Iginla
97.1%
2010
Mikka Kiprusoff
93.2%
1998
Theoren Fleury
80.6%
2014
Reto Berra
61.2%
2006
Robyn Regehr
57.3%
1998
Valeri Bure
53.4%
Hint
Answer
% Correct
2014
Ladislav Smid
53.4%
2002
Roman Turek
50%
2010
Niklas Hagman
40.8%
1998
German Titov
38.8%
1998
Michael Nylander
35%
2006
Jordan Leopold
31.1%
1998
Tommy Albelin
23.3%
2002
Igor Kravchuk
21.4%
Quiz Playlist
Details
Report
Send in Message
Add To Playlist
Classic:
Type in answers that appear in a list
Last Updated: Feb 16, 2017
Quiz Scoreboard
CHALLENGE
Sign Up to Join the Scoreboard
Show All
Scores
Hide
Comments
May contain spoilers
Recently Published
Holiday 10x10 Sorting Gallery
by lukepisani3
Holiday
15m
Two Season TV Shows II
by 123Four
Television
10m
Image Sorting: Flags VI
by Barbecue
Geography
2m
More to Explore
Quiz From the Vault
Featured Blog Post
14 Easter Pick-up Lines to Find Eggs With
hide this ad
You Might Also Like...
Tags
NHL Quiz
Play Quiz
1998
Allowed
Calgary
Calgary Flames
Flame
Olympian
Player
Today's Top Quizzes in Sports
Browse Sports
hide this ad
Today's Top Quizzes in Play
Browse Play
Top Contributed Quizzes in Sports
1
Les meilleurs buteurs des matchs entre le PSG et l’OM
2
Les entraîneurs de l'OM et du PSG au 21e siècle
3
2022 World Cup Stars
4
Les joueurs passés par le PSG et l'OM
5
Players with Multiple 50 Home Run Seasons
6
FIFA Club World Cup Champions
7
Top 10 NHL Goal Scorers of All Time
8
Les joueurs passés par le LOSC et le RC Lens
9
Criteria MLB: Left Handed Sluggers
10
2023 MLB Unique Player Accomplishments
Explore More
Trending Topics
Harry Potter
Anime
NBA
Disney
Crossword
Marvel
Kpop
WWE
Soccer
Song
Country
Pokémon
The Office
NFL
Puzzle
hide this ad
More By:
commiesmasher
Quiz
Plays
Rating
Category
Featured
Created
NBA Teams' Last MVP
125,304
4.60
Sports
Feb 22, 2016
NFL Teams' Last MVP
92,101
4.52
Sports
Dec 29, 2015
NFL QB Playoff Wins (2010s)
61,785
4.73
Sports
Aug 19, 2015
NFL Playoff Coaches (2010s)
25,070
4.73
Sports
Jan 13, 2018
State Quiz: New Jersey
11,551
4.39
Geography
Mar 20, 2010
Go to Creator's Profile
Score Distribution
Quiz Creator Spotlight
commiesmasher
Follow
Send a Message
Quizzes Created
-
Created Quiz Play Count
-
More By This Creator
Popular Quizzes Today
1
Find the US States - No Outlines Minefield
2
Colored Red Africa Blitz
3
Find the 'City' Movie
4
The Countries of the World
5
5x2 Blitz: Bands
6
Find the US States
7
Find the Countries of Europe - No Outlines Minefield
8
US States
More Sports Quizzes
Arizona Coyotes: 20 Goal Scorers
Quiz Lab
Trending Quizzes
Colored Red Europe Blitz I
Colored Red Europe Blitz II
Colored Red Africa Blitz II
Colored Red Europe Blitz III
Colored Red Africa Blitz III
Recently Updated
Odd Team Out - Big 4 Players
pecheneg
Quick Pick: 20 Twenties
pecheneg
March Madness Men's Triple Doubles
pecheneg
How Do You Spell That?
pecheneg
Godzilla Movies
pecheneg
Grab Bag: 4-10 Letters
pecheneg
2024 March Madness Bracket
pecheneg
Famous TV Couples
Peacemaker
Champions League XIs: Real Madrid
pecheneg
Largest US Cities 1790-2010
pecheneg
Trending Topics
Crossword
Marvel
Harry Potter
Disney
Kpop
Anime
NBA
WWE
Puzzle
Song
Pokémon
Soccer
Country
NFL
The Office
Your Account Isn't Verified!
In order to create a playlist on Sporcle, you need to verify the email address you used during registration. Go to your
Sporcle Settings
to finish the process.
Report this User
Report this user for behavior that violates our
Community Guidelines
.
Details:
Send Report
Go to the Sporcle.com Mobile Site →
Comments